Romantyzm

Titel: Romantyzm : od poetyki do polityki ; interpretacje i materiały / Zofia Trojanowiczowa. Wybór i red. Anna Artwińska ...
Verfasser:
Veröffentlicht: Kraków : Universitas, 2010
Umfang: 500 S.
Format: Buch
Sprache: Polnisch
Schlagworte:
ISBN: 9788324213658
Buchumschlag
X
Lokale Klassifikation: 32 10 E ; 32 15 Q
alg: 28617360
001A    $03019:22-12-11 
001B    $01999:09-06-23 $t19:42:47.000 
001C    $03019:22-12-11 $t16:35:25.000 
001D    $03019:22-12-11 
001U    $0utf8 
001X    $00 
002@    $0Aau 
003@    $0286173603 
003O    $0706950299 $aOCoLC 
004A    $A978-83-242-1365-8 
007A    $0286173603 $aHEB 
007G    $0DE020FE5CE64DC604C1B3C1257F31002C83F6 
009P    $qapplication/pdf $A2 $3Inhaltsverzeichnis $uhttp://scans.hebis.de/HEBCGI/show.pl?28617360_toc.pdf $mV:DE-603;B:DE-Mb50 
010@    $apol 
011@    $a2010 
021A    $aRomantyzm $dod poetyki do polityki ; interpretacje i materiały $hZofia Trojanowiczowa. Wybór i red. Anna Artwińska ... 
028A    $#Trojanowicz, Zofia $7137578970 $8Trojanowiczowa, Zofia$Z1936- [Tp3] $9209953934 
033A    $pKraków $nUniversitas 
034D    $a500 S. 
044K    $RLechisch $#Polnische Sprache $74120314-8 $8Polnisch [Tsz] $9085383503 
044K    $RBuch $RSchriftsteller $#Literature $#Littérature $#Letteratura $#Literatura $#literature $#Literature $#Literatur $#Literatur $#Belletristik $#Dichtung Literatur $#Schöne Literatur $#Sprachkunst $#Wortkunst $74035964-5 $8Literatur [Tsz] $9085097128 
044K    $RBiedermeier $#Romanticism $#Romantisme $#Romanticismo $#Romantik $#Frühromantik $#Spätromantik $74050491-8 $8Romantik [Ts1] $9085140775 
045F    $a809 $eDDC23BSB 
045F/01 $a809 
045F/03 $g438 
045G    $a306.0943809034 $eDDC23BSB 
045G/01 $a306.09 
045G/03 $f09034 
045G/03 $g438 

lok: 28617360 24
101B    $018-12-15 $t10:54:18.000 
101C    $018-12-15 
101U    $0utf8 
145Z/01 $a32 10 E 
145Z/02 $a32 15 Q 

exp: 28617360 24 1 #EPN
201B/01 $018-12-15 $t10:55:19.000 
201C/01 $003-09-15 
201U/01 $0utf8 
203@/01 $075901289X 
208@/01 $a18-12-15 $bz 
209A/01 $a15.09701 $du $f050 $h15 09701 $x00 
209C/01 $a15.09701 K $h15 09701 K 
209G/01 $a73699940 $x00 
220C/01 $awal 
247C/01 $8358050-7 Marburg, Bibliothek des Herder-Instituts Marburg $9102600961 

lok: 28617360 66

exp: 28617360 66 1 #EPN
201B/01 $022-12-11 $t16:35:25.000 
201C/01 $022-12-11 
201U/01 $0utf8 
203@/01 $063594457X 
208@/01 $a22-12-11 $bz 
209A/01 $aLw Troj/R $du $f000 $x00 
209C/01 $a11/k1254 
247C/01 $8618123-5 Darmstadt, Bibliothek des Deutschen Polen-Instituts $9102600902
LEADER 00000cam a2200000 c 4500
001 286173603
003 DE-603
005 20230609194247.0
007 tu
008 111222s2010 xx |||| | u00||u|pol c
020 |a 9788324213658 
035 |a (DE-599)HEB286173603 
035 |a (OCoLC)706950299 
040 |a DE-603  |b ger  |c DE-603  |d DE-603 
041 |a pol 
082 0 4 |8 1\u  |a 809  |q DE-101  |2 23/BSB 
083 0 |8 2\u  |a 306.0943809034  |q DE-101  |2 23/BSB 
085 |8 1\u  |b 809 
085 |8 1\u  |z 2  |s 438 
085 |8 2\u  |b 306.09 
085 |8 2\u  |z 1  |s 09034 
085 |8 2\u  |z 2  |s 438 
100 1 |a Trojanowiczowa, Zofia  |d 1936-  |0 (DE-603)209953934  |0 (DE-588)137578970  |2 gnd 
245 0 0 |a Romantyzm  |b od poetyki do polityki ; interpretacje i materiały  |c Zofia Trojanowiczowa. Wybór i red. Anna Artwińska ... 
264 1 |a Kraków  |b Universitas  |c 2010 
300 |a 500 S. 
650 7 |a Polnisch  |0 (DE-588)4120314-8  |0 (DE-603)085383503  |2 gnd 
650 7 |a Literatur  |0 (DE-588)4035964-5  |0 (DE-603)085097128  |2 gnd 
650 7 |a Romantik  |0 (DE-588)4050491-8  |0 (DE-603)085140775  |2 gnd 
856 4 2 |m V:DE-603;B:DE-Mb50  |q application/pdf  |u http://scans.hebis.de/HEBCGI/show.pl?28617360_toc.pdf  |3 Inhaltsverzeichnis 
924 0 |9 Mb 50  |a (DE-603)75901289X  |b DE-Mb50  |c HES  |d c  |g 15.09701 
924 0 |9 Ds 123  |a (DE-603)63594457X  |b DE-Ds123  |c HES  |d d  |g Lw Troj/R